Chico fantástico (Registo nº 52309)

Detalhes MARC
000 -Etiqueta do registo
campo de controlo de comprimento fixo 007360000a22002290004500
001 - Identificador do registo
Campo de controlo 52309
010 ## - ISBN
Número (ISBN) 978-989-96791-9-1
021 ## - Nº depósito legal
Código do país Portugal
Número 335450/11
100 ## - Dados Gerais de Proc.
Dados gerais de processamento 20160927d2016 k y0pory5003 ba
101 0# - Língua da publicação
Língua do texto, banda sonora, etc. Português
102 ## - País de Publicação
País de publicação Portugal
200 1# - Título
Título próprio Chico fantástico
Informação de outro título super herói de plástico
Primeira menção de responsabilidade Pedro Seromenho
Outras menções de responsabilidade il. José Machado
210 ## - Publicação, Distribuição
Lugar da edição, distribuição, etc. Braga
Nome do editor, distribuidor, etc. Paleta de Letras
Data da publicação, distribuição, etc. 2011
215 ## - Descrição física
Descrição física [30] p.
Outras indicações físicas muito il.
606 ## - Nome comum
Koha Internal code 2108
Elemento de entrada Literatura infantojuvenil
Subdivisão de assunto Conto
675 ## - CDU
Notação 821.134.3-34
Edição BN
Língua da edição Português
700 #1 - Responsabilidade principal
Koha Internal Code 42202
Palavra de ordem Seromenho
Outra parte do nome Pedro
Datas 1975-
702 #1 - Responsabilidade secundária
Koha Internal Code 28977
Código de função Ilustrador
Palavra de ordem Machado
Outra parte do nome José
801 ## - Fonte de origem
País Portugal
Data da última transacção 20160927
090 ## - Números de controlo do sistema (Koha)
Número biblioitem do Koha (gerado automaticamente) 52309
942 ## - Elementos de entrada adicionados (Koha)
Tipo de item no Koha Monografias
Suprimido Disponível no OPAC
999 ## - Campo local
Campo local 52309
Exemplares
Perdido (estado) Data de aquisição Origem do registo (biblioteca) (codificado) Código da organização que empresta ou é detentora (biblioteca) Código de barras Cota Tipo de circulação (não pode ser emprestado) Tipo de item e material Removido (estado) Número de inventário Data de empréstimo ou depósito
Disponível 2025-01-22 Biblioteca EB1 da Horta do Carmo Biblioteca EB1 da Horta do Carmo BE1HC4967 82-34 SER Normal Monografias Disponível 4967  
Disponível 2025-01-22 Biblioteca EB1 da Horta do Carmo Biblioteca EB1 da Horta do Carmo BE1HC4968 82-34 SER Normal Monografias Disponível 4968  
Disponível 2022-05-13 Biblioteca EB1 n.º 1 de Tavira Biblioteca EB1 n.º 1 de Tavira BE1TAV12877 82-3 SER Normal Monografias Disponível 2877  
Disponível 2024-02-06 Biblioteca EB1 n.º 1 de Tavira Biblioteca EB1 n.º 1 de Tavira BE1TAV12941 82 SER Normal Monografias Disponível 2941 2024-02-29
Disponível 2016-09-27 Biblioteca EB23 D. Paio Peres Correia Biblioteca EB23 D. Paio Peres Correia BEBDPPC8024 82-34 SER Normal Monografias      
Disponível 2024-05-09 Biblioteca EB23 D. Paio Peres Correia Biblioteca EB23 D. Paio Peres Correia BEBDPPC10304 82-34 SER Normal Monografias Disponível 10304  
Disponível 2025-02-12 Biblioteca EB23 D. Paio Peres Correia Biblioteca EB23 D. Paio Peres Correia BEBDPPC10432 82-34 SER Normal Monografias Disponível 10432